00510nam a2200169Ia 4500001001000000003000500010008004100015010001100056040000900067082001800076100001900094245007700113260002300190300000900213500006500222650005300287Para_3399CHAP220125s1999 xx 000 0 und d a201947 cCHAP aPA-C 632.9 C6 aWebster, R. L. aSituación insecticida en el noroeste del Pacífico /c R. L. Webster a[s.l.] :b [s.n.] a3 p. aEncuadernado con: Nueva plaga del nopal/ Ricardo Coronado P. aAgricultura x Plagas Insecticidas x Toxicidad